La Liga 2025-2026 - Logos - Statistiques

Statistiques générales
  • Ce quiz a été pris 204 fois
  • Le résultat moyen est 15 sur 20
Statistiques - réponses
Par images Réponse % Correct
Atlético de Madrid
97%
FC Barcelone
93%
Real Madrid
91%
Real Betis
88%
Celta de Vigo
85%
Séville FC
85%
CA Osasuna
82%
Real Sociedad
82%
Athletic Club
81%
Valence CF
81%
Espanyol de Barcelone
72%
Deportivo Alavés
70%
Getafe CF
70%
Levante UD
69%
Rayo Vallecano
67%
Girona FC
65%
Elche CF
57%
RCD Majorque
57%
Villarreal CF
47%
Real Oviedo
39%
Aucun quiz correspondant
Distribution des résultats
% des personnes avec chaque résultat
Percentile par nombre de réponses
Votre historique - résultats
Vous n’avez pas pris ce quiz